[Event "Copenhagen Chess Challenge 2016"]
[Site "Ballerup"]
[Date "2016.04.22"]
[Round "5"]
[White "Haub, Thorsten Michael"]
[Black "Demuth, Adrien"]
[Result "1/2-1/2"]
[WhiteElo "2359"]
[BlackElo "2550"]
[PlyCount "62"]
[EventDate "2016.04.20"]
[EventType "swiss"]
[EventRounds "9"]
[EventCountry "DEN"]

1. Nf3 c5 2. g3 Nc6 3. Bg2 g6 4. d3 Bg7 5. e4 d6 6. O-O e5 7. c3 Nge7 8. Nbd2
O-O 9. Nh4 Be6 10. f4 Qd7 11. Ndf3 exf4 12. gxf4 d5 13. Ng5 Bg4 14. Bf3 Bxf3
15. Qxf3 f6 16. Qh3 Qxh3 17. Nxh3 Rad8 18. Nf3 Rfe8 19. Nf2 b6 20. Bd2 Nc8 21.
Rfe1 dxe4 22. dxe4 Nd6 23. Rad1 Nc4 24. Bc1 Rxd1 25. Rxd1 Rd8 26. Rxd8+ Nxd8
27. Kf1 Kf7 28. Ke2 Nd6 29. Be3 Nc4 30. Bc1 Ne6 31. f5 Nd8 1/2-1/2

[Event "Copenhagen Chess Challenge 2016"]
[Site "Ballerup"]
[Date "2016.04.22"]
[Round "5"]
[White "Kristensen, Kaare Hove"]
[Black "Hoi, Carsten"]
[Result "1/2-1/2"]
[WhiteElo "2341"]
[BlackElo "2393"]
[PlyCount "32"]
[EventDate "2016.04.20"]
[EventType "swiss"]
[EventRounds "9"]
[EventCountry "DEN"]

1. e4 g6 2. d4 Bg7 3. Nc3 d6 4. f4 Nc6 5. Be3 Nf6 6. Nf3 e6 7. Qd2 a6 8. O-O-O
b5 9. e5 Nd5 10. Nxd5 exd5 11. h3 Bf5 12. Ng5 dxe5 13. fxe5 O-O 14. g4 Be4 15.
Nxe4 dxe4 16. Bg2 Qd5 1/2-1/2

[Event "Copenhagen Chess Challenge 2016"]
[Site "Ballerup"]
[Date "2016.04.22"]
[Round "5"]
[White "Englert, Fabian"]
[Black "Thybo, Jesper Sondergaard"]
[Result "1/2-1/2"]
[WhiteElo "2391"]
[BlackElo "2358"]
[PlyCount "190"]
[EventDate "2016.04.20"]
[EventType "swiss"]
[EventRounds "9"]
[EventCountry "DEN"]

1. c4 c5 2. Nf3 Nc6 3. Nc3 g6 4. e3 Nf6 5. d4 cxd4 6. exd4 d5 7. cxd5 Nxd5 8.
Qb3 Nxc3 9. Bc4 Nd5 10. Bxd5 e6 11. Bxc6+ bxc6 12. O-O f6 13. Be3 Qd5 14. Nd2
Be7 15. Rfc1 Kf7 16. Qc3 Rb8 17. Nb3 Ba6 18. Qxc6 Bb7 19. Qxd5 Bxd5 20. Rc7 a6
21. Rac1 Rhd8 22. Ra7 Ra8 23. Rcc7 Rxa7 24. Rxa7 e5 25. f3 Bxb3 26. axb3 exd4
27. Bd2 Rb8 28. b4 Ke6 29. Rxa6+ Kd5 30. b3 Bxb4 31. Bxb4 Rxb4 32. Ra5+ Kd6 33.
Ra3 Rb7 34. Kf2 Rc7 35. Ra6+ Kc5 36. Ke2 Re7+ 37. Kd2 Re3 38. Rxf6 Rxb3 39. Rf7
h6 40. Rh7 h5 41. g4 Rxf3 42. gxh5 gxh5 43. Rxh5+ Kc4 44. Ra5 Rf2+ 45. Ke1 Rxh2
46. Ra3 Rc2 47. Rh3 Rc3 48. Rh8 Ra3 49. Kd2 Ra2+ 50. Kd1 Kc3 51. Rd8 Rh2 52.
Rd7 Kd3 53. Kc1 Rh1+ 54. Kb2 Rh4 55. Kc1 Rh1+ 56. Kb2 Ke3 57. Kc2 Rh2+ 58. Kd1
Rd2+ 59. Kc1 Rf2 60. Kd1 Kd3 61. Kc1 Rf1+ 62. Kb2 Rd1 63. Rh7 Re1 64. Rd7 Re5
65. Kc1 Rc5+ 66. Kd1 Kc3 67. Rd8 Rc7 68. Rd6 Ra7 69. Rd8 Ra2 70. Rd7 Ra4 71.
Rd8 Ra1+ 72. Ke2 Ra2+ 73. Kd1 Rd2+ 74. Kc1 Rg2 75. Kd1 Rg3 76. Rd7 Kd3 77. Kc1
Rg1+ 78. Kb2 Ke3 79. Kc2 Rg2+ 80. Kd1 Kd3 81. Kc1 Rc2+ 82. Kd1 Rc6 83. Rd8 Kc3
84. Rd7 Rh6 85. Rd8 Rh7 86. Rd6 Kc4 87. Kd2 Rh2+ 88. Kd1 Kd3 89. Kc1 Rc2+ 90.
Kd1 Ra2 91. Kc1 Ra1+ 92. Kb2 Ra5 93. Kc1 Rb5 94. Rd8 Rb4 95. Rd7 Kc3 1/2-1/2

[Event "Copenhagen Chess Challenge 2016"]
[Site "Ballerup"]
[Date "2016.04.22"]
[Round "5"]
[White "Boe, Mads"]
[Black "Haubro, Martin"]
[Result "0-1"]
[WhiteElo "2303"]
[BlackElo "2345"]
[PlyCount "120"]
[EventDate "2016.04.20"]
[EventType "swiss"]
[EventRounds "9"]
[EventCountry "DEN"]

1. d4 Nf6 2. Nf3 e6 3. c3 b6 4. Bf4 Ba6 5. Nbd2 Be7 6. h3 O-O 7. Qa4 d5 8. b4
Qc8 9. Rb1 c6 10. Qb3 Nbd7 11. a4 c5 12. b5 Bb7 13. e3 c4 14. Qb2 a6 15. Be2
axb5 16. axb5 Ra3 17. O-O Qa8 18. Ra1 Qa5 19. Rxa3 Bxa3 20. Qc2 Qxb5 21. Rb1
Qc6 22. Ne5 Nxe5 23. dxe5 Nd7 24. Nf3 Ra8 25. Nd4 Qa4 26. Qd2 Bc5 27. Bd1 Qa7
28. Bh2 Qa3 29. f4 Bxd4 30. exd4 Bc6 31. Bf3 Qa2 32. Rb2 Qa1+ 33. Kf2 Ra3 34.
g4 Rb3 35. Rc2 Rb1 36. f5 Rf1+ 37. Ke2 exf5 38. gxf5 Rxf3 39. Kxf3 Qf1+ 40. Kg3
Qxf5 41. Ra2 Nf8 42. Qf4 Qg6+ 43. Qg4 Qb1 44. Rf2 Bd7 45. Qf4 Qg6+ 46. Kf3 Bxh3
47. Rd2 Ne6 48. Qh4 Ng5+ 49. Ke3 h6 50. Qf4 Qb1 51. e6 Qe1+ 52. Re2 Qxc3+ 53.
Kf2 Bxe6 54. Qb8+ Kh7 55. Be5 Qf3+ 56. Ke1 Qh1+ 57. Kd2 Nf3+ 58. Kc3 Qa1+ 59.
Rb2 Qe1+ 60. Kc2 Bf5# 0-1

[Event "Copenhagen Chess Challenge 2016"]
[Site "Ballerup"]
[Date "2016.04.22"]
[Round "5"]
[White "Eriksson, Christian Altenburg"]
[Black "Semcesen, Daniel"]
[Result "0-1"]
[WhiteElo "2195"]
[BlackElo "2454"]
[PlyCount "84"]
[EventDate "2016.04.20"]
[EventType "swiss"]
[EventRounds "9"]
[EventCountry "DEN"]

1. e4 d6 2. d4 Nf6 3. Nc3 Nbd7 4. Nf3 e5 5. Bc4 Be7 6. O-O O-O 7. a4 c6 8. Ba2
a5 9. h3 exd4 10. Nxd4 Nc5 11. Re1 Be6 12. Bxe6 fxe6 13. e5 dxe5 14. Rxe5 Qd6
15. Nf3 Qxd1+ 16. Nxd1 Nd5 17. Be3 Nxe3 18. Rxe3 Rf4 19. Nc3 Rd8 20. Rae1 Nxa4
21. Nxa4 Rxa4 22. Rxe6 Bf6 23. Re8+ Rxe8 24. Rxe8+ Kf7 25. Rb8 Ra1+ 26. Kh2 b5
27. b3 Rc1 28. Ra8 Rxc2 29. Rxa5 Rxf2 30. Ra6 Rc2 31. h4 Ke6 32. Ng5+ Kf5 33.
Nxh7 Bxh4 34. Ra7 Kg6 35. Nf8+ Kh6 36. Ne6 Bf6 37. Ra6 Kg6 38. Nf8+ Kf5 39. Nd7
Bd4 40. Kh3 Rc3+ 41. Kh2 Kg4 42. b4 Rc1 0-1

[Event "Copenhagen Chess Challenge 2016"]
[Site "Ballerup"]
[Date "2016.04.22"]
[Round "5"]
[White "Vasli, Aref"]
[Black "Fries Nielsen, Jens Ove"]
[Result "0-1"]
[WhiteElo "2164"]
[BlackElo "2389"]
[PlyCount "82"]
[EventDate "2016.04.20"]
[EventType "swiss"]
[EventRounds "9"]
[EventCountry "DEN"]

1. e4 e6 2. d4 Ne7 3. Nc3 d6 4. Nf3 Nd7 5. Be3 a6 6. a4 b6 7. Be2 g6 8. Qd2 h6
9. O-O Bg7 10. Rad1 Bb7 11. h3 f5 12. exf5 Nxf5 13. d5 e5 14. Qd3 Nc5 15. Bxc5
bxc5 16. g4 O-O 17. gxf5 gxf5 18. Nd2 Bc8 19. Qg3 Kh8 20. Kh1 Qe7 21. Rg1 Bd7
22. Nf3 Bf6 23. Qg6 Rf7 24. Qh5 Rh7 25. Rg2 e4 26. Nd2 Bg5 27. Bc4 Qe5 28. Bb3
Rg8 29. Rdg1 Qf4 30. Nc4 Be8 31. Ne2 Qf3 32. Qxf3 exf3 33. Rg3 fxe2 34. f4 Re7
35. Ne3 Bh5 36. Ng2 Bf6 37. Rxg8+ Kxg8 38. Kh2 Kh7 39. c3 Bh4 40. Ne1 Rg7 41.
Rxg7+ Kxg7 0-1

[Event "Copenhagen Chess Challenge 2016"]
[Site "Ballerup"]
[Date "2016.04.22"]
[Round "5"]
[White "Nilssen, John Arni"]
[Black "Jacobsen, Mikkel Manosri"]
[Result "1/2-1/2"]
[WhiteElo "2300"]
[BlackElo "2210"]
[PlyCount "94"]
[EventDate "2016.04.20"]
[EventType "swiss"]
[EventRounds "9"]
[EventCountry "DEN"]

1. d4 d5 2. c4 e6 3. Nf3 Nf6 4. g3 Be7 5. Bg2 O-O 6. O-O b6 7. Nc3 dxc4 8. Qa4
Nd5 9. Ne5 Bb7 10. Qxc4 c6 11. Qa4 b5 12. Qb3 a6 13. a4 Nd7 14. Nxd5 cxd5 15.
Nd3 Qb6 16. e3 bxa4 17. Qxa4 Bc6 18. Qc2 Bb5 19. b3 Rfc8 20. Qd2 Qc7 21. Rd1
Qc3 22. Ba3 Qxd2 23. Rxd2 Bxa3 24. Rxa3 Rc3 25. Bf1 a5 26. Nb2 Bxf1 27. Kxf1
Nf6 28. Nd1 Rc1 29. f3 g5 30. g4 Kg7 31. Ke2 h5 32. h3 hxg4 33. hxg4 Rh8 34.
Rxa5 Rh2+ 35. Nf2 Rb1 36. Raa2 Rxb3 37. Rdb2 Rxb2+ 38. Rxb2 Nd7 39. Rb7 Nf8 40.
Kf1 Ng6 41. Kg1 Rh8 42. Nd3 Ra8 43. Kf2 Ra3 44. Ke2 Ra2+ 45. Rb2 Ra1 46. Rb7
Ra2+ 47. Rb2 Ra1 1/2-1/2

[Event "Copenhagen Chess Challenge 2016"]
[Site "Ballerup"]
[Date "2016.04.22"]
[Round "5"]
[White "Hove, Esben Kjems"]
[Black "Laustsen, Lars"]
[Result "1-0"]
[WhiteElo "2232"]
[BlackElo "2128"]
[PlyCount "21"]
[EventDate "2016.04.20"]
[EventType "swiss"]
[EventRounds "9"]
[EventCountry "DEN"]

1. d4 d5 2. Bg5 h6 3. Bh4 Bf5 4. e3 c6 5. c4 Bxb1 6. Qxb1 dxc4 7. Bxc4 Qa5+ 8.
Kf1 e6 9. a3 Nd7 10. b4 Qc7 11. Bxe6 1-0

[Event "Copenhagen Chess Challenge 2016"]
[Site "Ballerup"]
[Date "2016.04.22"]
[Round "5"]
[White "Andreasen, Joan Hendrik"]
[Black "Jorgensen, Dennis"]
[Result "1/2-1/2"]
[WhiteElo "2227"]
[BlackElo "2201"]
[PlyCount "89"]
[EventDate "2016.04.20"]
[EventType "swiss"]
[EventRounds "9"]
[EventCountry "DEN"]

1. d4 Nf6 2. c4 e6 3. Nc3 Bb4 4. e3 O-O 5. Nge2 c6 6. a3 Ba5 7. g3 d5 8. Nf4
Nbd7 9. cxd5 Nxd5 10. Bd2 Nxc3 11. bxc3 Bc7 12. Nd3 e5 13. Bg2 Re8 14. O-O e4
15. Nf4 Nf6 16. Nh5 Bf5 17. Nxf6+ Qxf6 18. c4 Rad8 19. f4 Qe6 20. Qc2 Bh3 21.
Rf2 Bxg2 22. Kxg2 f5 23. Qa4 Bb8 24. Rb1 b6 25. Bc3 Rd7 26. Rd1 Red8 27. Rfd2
Qf7 28. Rc1 Rd6 29. Bb2 Qh5 30. Qd1 Qxd1 31. Rcxd1 Kf7 32. h3 h5 33. a4 Ke6 34.
Bc3 R6d7 35. Rb1 Bc7 36. Ra2 Rg8 37. h4 a6 38. Rab2 Rb8 39. Kf1 Bd8 40. Ke2
Rdb7 41. Kd1 b5 42. d5+ cxd5 43. cxb5 axb5 44. axb5 Bb6 45. Bd4 1/2-1/2

[Event "Copenhagen Chess Challenge 2016"]
[Site "Ballerup"]
[Date "2016.04.22"]
[Round "5"]
[White "Matthiesen, Martin"]
[Black "Moe, Mogens"]
[Result "1-0"]
[WhiteElo "2377"]
[BlackElo "2160"]
[PlyCount "83"]
[EventDate "2016.04.20"]
[EventType "swiss"]
[EventRounds "9"]
[EventCountry "DEN"]

1. d4 Nf6 2. c4 g6 3. Nc3 d5 4. cxd5 Nxd5 5. e4 Nxc3 6. bxc3 Bg7 7. Nf3 c5 8.
Be3 O-O 9. Qd2 Qc7 10. d5 Rd8 11. Rc1 c4 12. Bh6 Bh8 13. Bf4 Qc5 14. Be3 Qc7
15. Bd4 e5 16. dxe6 fxe6 17. Qg5 Rd6 18. Bxh8 Kxh8 19. h4 Qc6 20. Qf6+ Kg8 21.
Ng5 Qc7 22. h5 Qg7 23. Qf4 e5 24. Bxc4+ Be6 25. Qg4 Bxc4 26. Qc8+ Qf8 27. Qxc4+
Kh8 28. Qf7 Qh6 29. Qe8+ Kg7 30. Qxe5+ Kg8 31. Qxd6 Qxg5 32. O-O Nc6 33. hxg6
hxg6 34. Qe6+ Kg7 35. Rcd1 Rd8 36. Rd5 Qf6 37. Qxf6+ Kxf6 38. Rxd8 Nxd8 39. f4
Nc6 40. g4 g5 41. e5+ Ke6 42. f5+ 1-0

[Event "Copenhagen Chess Challenge 2016"]
[Site "Ballerup"]
[Date "2016.04.22"]
[Round "5"]
[White "Tsiolakidis, Anastasios"]
[Black "Fredericia, Louise Winther"]
[Result "1/2-1/2"]
[WhiteElo "2288"]
[BlackElo "2127"]
[PlyCount "122"]
[EventDate "2016.04.20"]
[EventType "swiss"]
[EventRounds "9"]
[EventCountry "DEN"]

1. e4 c5 2. Nf3 g6 3. c3 Bg7 4. d4 cxd4 5. cxd4 d5 6. exd5 Nf6 7. Bb5+ Nbd7 8.
Nc3 O-O 9. Bg5 Nb6 10. Bxf6 exf6 11. Qb3 Bg4 12. a4 Bxf3 13. gxf3 a5 14. O-O-O
Rc8 15. Kb1 Qd6 16. h4 f5 17. h5 Qb4 18. Ka2 Rfd8 19. hxg6 hxg6 20. Rhe1 Bf6
21. Re5 Rd6 22. f4 Rcd8 23. Be2 Qxb3+ 24. Kxb3 Nxd5 25. Rxd5 Rxd5 26. Nxd5 Rxd5
27. Kc4 Rd7 28. Bf3 Kf8 29. b3 Ke7 30. Re1+ Kd6 31. Re8 Rc7+ 32. Kd3 Bh4 33.
Ra8 b6 34. Rb8 Bxf2 35. Rxb6+ Ke7 36. Bc6 Be1 37. d5 Kd6 38. Rb8 Re7 39. Rd8+
Kc7 40. Ra8 Bb4 41. Ra7+ Kd6 42. Ra6 Kc7 43. Kc4 Re3 44. Ra7+ Kb6 45. Rb7+ Ka6
46. Rxf7 Re4+ 47. Kd3 Rxf4 48. Rf6 Rf3+ 49. Kc2 Rf2+ 50. Kd1 Kb6 51. Rxg6 f4
52. Ba8+ Kc7 53. Rf6 Kb8 54. Bc6 Kc7 55. Bb5 Rd2+ 56. Kc1 Rxd5 57. Rc6+ Kb7 58.
Rf6 Rd4 59. Kc2 Rd2+ 60. Kb1 Rd4 61. Kc2 Rd2+ 1/2-1/2

[Event "Copenhagen Chess Challenge 2016"]
[Site "Ballerup"]
[Date "2016.04.22"]
[Round "5"]
[White "Rishovd, Svein"]
[Black "Hagen, Anders Gjerdrum"]
[Result "1-0"]
[WhiteElo "2103"]
[BlackElo "2262"]
[PlyCount "80"]
[EventDate "2016.04.20"]
[EventType "swiss"]
[EventRounds "9"]
[EventCountry "DEN"]

1. d4 Nf6 2. c4 e6 3. g3 d5 4. Nf3 Bb4+ 5. Bd2 Be7 6. Bg2 c6 7. Qc2 O-O 8. O-O
b6 9. Bf4 Na6 10. a3 Bb7 11. Rd1 Rc8 12. Ne5 Nd7 13. Nc3 Nxe5 14. dxe5 Qc7 15.
Rac1 g5 16. cxd5 cxd5 17. Qd2 gxf4 18. Nxd5 Qd8 19. Rxc8 Bxc8 20. Nxe7+ Qxe7
21. Qxf4 Nc5 22. b4 Nd7 23. Bc6 Nb8 24. Be4 f5 25. exf6 Qxf6 26. Qxf6 Rxf6 27.
Bxh7+ Kxh7 28. Rd8 Ba6 29. Rxb8 Bxe2 30. Rb7+ Kg6 31. Rxa7 Bf3 32. Re7 Kf5 33.
h3 e5 34. g4+ Kf4 35. Kh2 Bd5 36. Rd7 Bc6 37. Rd3 e4 38. Rc3 Ba4 39. Rg3 Rg6
40. Rc3 Bd1 1-0

[Event "Copenhagen Chess Challenge 2016"]
[Site "Ballerup"]
[Date "2016.04.22"]
[Round "5"]
[White "Haugli, Petter"]
[Black "Slettebo, Jan"]
[Result "1/2-1/2"]
[WhiteElo "2259"]
[BlackElo "2030"]
[PlyCount "97"]
[EventDate "2016.04.20"]
[EventType "swiss"]
[EventRounds "9"]
[EventCountry "DEN"]

1. c4 e5 2. Nc3 Nc6 3. Nf3 f5 4. d4 e4 5. Ng5 Nf6 6. e3 Be7 7. Nh3 O-O 8. Be2
d6 9. O-O Re8 10. b3 Bf8 11. Bb2 Ne7 12. Nf4 c6 13. d5 g5 14. Nh5 Nxh5 15. Bxh5
Ng6 16. dxc6 bxc6 17. Ne2 c5 18. Qd2 Qe7 19. Nc3 Be6 20. Rad1 Rad8 21. Nd5 Bxd5
22. Qxd5+ Qe6 23. Qxe6+ Rxe6 24. Bxg6 hxg6 25. Rd5 Be7 26. h3 Rb8 27. Bc3 Rb6
28. Rfd1 Kf7 29. R1d2 Bf6 30. Bxf6 Kxf6 31. Kf1 a5 32. Ke2 Ke7 33. Kd1 Rb4 34.
Kc2 a4 35. Kc3 a3 36. Rd1 Rf6 37. Rh1 Rf8 38. h4 Rh8 39. Rhd1 Rb6 40. hxg5 Rh5
41. g3 Ke6 42. Rg1 Rxg5 43. Rh1 Rh5 44. Rxh5 gxh5 45. Rd1 Kf6 46. Rb1 Rb4 47.
Rd1 Rb6 48. Rb1 Rb4 49. Rd1 1/2-1/2

[Event "Copenhagen Chess Challenge 2016"]
[Site "Ballerup"]
[Date "2016.04.22"]
[Round "5"]
[White "Andersen, Soren Mikkel"]
[Black "Stigar, Petter"]
[Result "1/2-1/2"]
[WhiteElo "2114"]
[BlackElo "2229"]
[PlyCount "67"]
[EventDate "2016.04.20"]
[EventType "swiss"]
[EventRounds "9"]
[EventCountry "DEN"]

1. d4 d5 2. c4 e6 3. Nc3 Nf6 4. Bg5 Be7 5. Nf3 h6 6. Bh4 O-O 7. e3 Ne4 8. Bxe7
Qxe7 9. cxd5 Nxc3 10. bxc3 exd5 11. c4 Be6 12. Qb3 Rd8 13. Rc1 Nc6 14. c5 Rab8
15. Qc3 Qf6 16. Bb5 Bg4 17. Be2 a6 18. O-O Ne7 19. Rc2 Ng6 20. h3 Bf5 21. Rb2
Qc6 22. Rc1 Rdc8 23. h4 Bg4 24. g3 Qf6 25. Ne1 Bxe2 26. Rxe2 Re8 27. Rb2 Re6
28. Qb3 Qf5 29. Qc2 Qg4 30. Ng2 Rc6 31. Qa4 b5 32. Qd1 Qxd1+ 33. Rxd1 Rf6 34.
h5 1/2-1/2

[Event "Copenhagen Chess Challenge 2016"]
[Site "Ballerup"]
[Date "2016.04.22"]
[Round "5"]
[White "Karlsson, Ulf"]
[Black "Andersen, Lars Ren"]
[Result "1/2-1/2"]
[WhiteElo "2026"]
[BlackElo "2194"]
[PlyCount "61"]
[EventDate "2016.04.20"]
[EventType "swiss"]
[EventRounds "9"]
[EventCountry "DEN"]

1. e4 c5 2. Nc3 g6 3. g3 Bg7 4. Bg2 e6 5. d3 Ne7 6. f4 d6 7. Nf3 Nbc6 8. O-O
O-O 9. Be3 Nd4 10. e5 Nef5 11. Bf2 Nxf3+ 12. Qxf3 Nd4 13. Qd1 dxe5 14. fxe5
Bxe5 15. Ne4 Nc6 16. c3 c4 17. Bc5 Re8 18. d4 Bg7 19. Nd6 Re7 20. Nxc8 Rxc8 21.
Bxe7 Qxe7 22. Qe2 Na5 23. Rf2 Qd6 24. Raf1 Rf8 25. Qe4 h5 26. Re1 b5 27. Qf4
Qe7 28. Qe4 Qd6 29. Qf3 a6 30. Qf4 Qe7 31. Qe4 1/2-1/2

[Event "Copenhagen Chess Challenge 2016"]
[Site "Ballerup"]
[Date "2016.04.22"]
[Round "5"]
[White "Rendboe, John Filip"]
[Black "De Seroux, Camille"]
[Result "1/2-1/2"]
[WhiteElo "2179"]
[BlackElo "2125"]
[PlyCount "54"]
[EventDate "2016.04.20"]
[EventType "swiss"]
[EventRounds "9"]
[EventCountry "DEN"]

1. c4 Nf6 2. Nc3 g6 3. g3 Bg7 4. Bg2 O-O 5. d4 d6 6. Nf3 Nbd7 7. O-O e5 8. e3
Re8 9. b3 c6 10. dxe5 dxe5 11. Bb2 Qc7 12. Qc2 Nc5 13. e4 Bg4 14. b4 Ne6 15.
Ne2 Bxf3 16. Bxf3 Rad8 17. Rad1 g5 18. c5 g4 19. Bg2 Ng5 20. Bc1 Nf3+ 21. Kh1
Qc8 22. Be3 Qe6 23. a3 h5 24. Ng1 Nd4 25. Qb2 Nh7 26. Rd2 Bh6 27. Rfd1 Bg5
1/2-1/2

[Event "Copenhagen Chess Challenge 2016"]
[Site "Ballerup"]
[Date "2016.04.22"]
[Round "5"]
[White "Kakulidis, Ellen"]
[Black "Thorsbro, Peter"]
[Result "0-1"]
[WhiteElo "1892"]
[BlackElo "2250"]
[PlyCount "58"]
[EventDate "2016.04.20"]
[EventType "swiss"]
[EventRounds "9"]
[EventCountry "DEN"]

1. d4 f5 2. c4 Nf6 3. Nf3 g6 4. g3 Bg7 5. Bg2 O-O 6. Nc3 d6 7. O-O c6 8. b3 Na6
9. Bb2 Qc7 10. d5 e5 11. dxe6 Bxe6 12. Ng5 Bd7 13. Rb1 h6 14. Nf3 Rfe8 15. Qc2
Rad8 16. a3 Nc5 17. Nd2 Bc8 18. b4 Ncd7 19. e4 Ne5 20. Kh1 Qf7 21. c5 dxc5 22.
bxc5 Nd3 23. exf5 Bxf5 24. Qb3 Qxb3 25. Nxb3 Nxf2+ 26. Rxf2 Bxb1 27. Nxb1 Ng4
28. Bxg7 Nxf2+ 29. Kg1 Ng4 0-1

[Event "Copenhagen Chess Challenge 2016"]
[Site "Ballerup"]
[Date "2016.04.22"]
[Round "5"]
[White "Thuesen, Mogens Henrik"]
[Black "Skovgaard, Ib"]
[Result "1-0"]
[WhiteElo "2209"]
[BlackElo "2050"]
[PlyCount "51"]
[EventDate "2016.04.20"]
[EventType "swiss"]
[EventRounds "9"]
[EventCountry "DEN"]

1. d4 d5 2. c4 c6 3. Nf3 Nf6 4. Nc3 e6 5. cxd5 exd5 6. Bg5 Nbd7 7. e3 Bd6 8.
Bd3 h6 9. Bh4 b5 10. O-O b4 11. Na4 Nb6 12. Rc1 Nxa4 13. Qxa4 Bd7 14. Ne5 Rc8
15. Nxd7 Qxd7 16. Rxc6 O-O 17. Rfc1 Ne4 18. Bxe4 dxe4 19. Qa6 Qe6 20. d5 Qg6
21. Qxa7 Qg4 22. Bg3 Bxg3 23. hxg3 Rxc6 24. dxc6 Rd8 25. Qc5 f5 26. Qc2 1-0

[Event "Copenhagen Chess Challenge 2016"]
[Site "Ballerup"]
[Date "2016.04.22"]
[Round "5"]
[White "Holmstrom, Johan Ravnborg"]
[Black "Kabadayi, Can"]
[Result "0-1"]
[WhiteElo "1932"]
[BlackElo "2174"]
[PlyCount "90"]
[EventDate "2016.04.20"]
[EventType "swiss"]
[EventRounds "9"]
[EventCountry "DEN"]

1. d4 d5 2. Nf3 Nf6 3. e3 c5 4. b3 g6 5. Bd3 Bg7 6. Nbd2 Nc6 7. a3 O-O 8. Bb2
cxd4 9. exd4 Nh5 10. g3 Qb6 11. c3 Bg4 12. O-O e5 13. dxe5 Nxe5 14. Be2 Bh3 15.
Re1 Ng4 16. Nd4 Rae8 17. N2f3 Ngf6 18. Ng5 Bd7 19. Bf1 h6 20. Ngf3 Ne4 21. Bg2
Nhf6 22. h3 g5 23. Nd2 Nxd2 24. Qxd2 Ne4 25. Qc2 f5 26. Rad1 Rc8 27. Qd3 Rc5
28. Rc1 Rfc8 29. b4 Rc4 30. Red1 a5 31. h4 gxh4 32. gxh4 Qg6 33. Ne2 Nf6 34.
Kf1 Rxh4 35. Bxd5+ Nxd5 36. Qxd5+ Be6 37. Qxb7 f4 38. Ke1 f3 39. Qxf3 Bc4 40.
Rd4 Bxd4 41. cxd4 Re4 42. Qg3 Rxe2+ 43. Kd1 Qxg3 44. fxg3 Rxb2 45. d5 Bb3+ 0-1

[Event "Copenhagen Chess Challenge 2016"]
[Site "Ballerup"]
[Date "2016.04.22"]
[Round "5"]
[White "Kistrup, Nicolai"]
[Black "Overmark, Ole"]
[Result "0-1"]
[WhiteElo "2033"]
[BlackElo "1763"]
[PlyCount "75"]
[EventDate "2016.04.20"]
[EventType "swiss"]
[EventRounds "9"]
[EventCountry "DEN"]

1. d4 e6 2. Nf3 d5 3. c4 Nf6 4. Bg5 Be7 5. Nc3 c6 6. e3 O-O 7. Bd3 dxc4 8. Bxc4
Nd5 9. Bxe7 Qxe7 10. O-O b6 11. e4 Nxc3 12. bxc3 Ba6 13. Qe2 Bxc4 14. Qxc4 b5
15. Qb4 Qxb4 16. cxb4 a5 17. a3 axb4 18. axb4 Nd7 19. Rfc1 f6 20. Kf1 Rxa1 21.
Rxa1 Rc8 22. Ra7 Nf8 23. h4 Ng6 24. g3 Kf8 25. h5 Ne7 26. Ke2 f5 27. Ng5 fxe4
28. Nxe6+ Kf7 29. Ng5+ Ke8 30. Nxh7 Nf5 31. g4 Nxd4+ 32. Ke3 Ne6 33. Kxe4 c5
34. Ke5 Nd8 35. Rxg7 c4 36. Nf6+ Kf8 37. Rg8+ Kf7 38. Kf5 0-1

[Event "Copenhagen Chess Challenge 2016"]
[Site "Ballerup"]
[Date "2016.04.22"]
[Round "5"]
[White "Andersen, Kim Nyvang"]
[Black "Tandrup, Michael"]
[Result "1/2-1/2"]
[WhiteElo "1996"]
[BlackElo "1961"]
[PlyCount "105"]
[EventDate "2016.04.20"]
[EventType "swiss"]
[EventRounds "9"]
[EventCountry "DEN"]

1. d4 Nf6 2. c4 e6 3. Nc3 Bb4 4. e3 d5 5. cxd5 exd5 6. Bd3 O-O 7. Nge2 b6 8.
O-O Bb7 9. f3 Re8 10. Bd2 Bf8 11. Qc2 g6 12. Rad1 Bh6 13. f4 Ne4 14. Bxe4 dxe4
15. f5 Ba6 16. b4 Bd3 17. Qb3 g5 18. a4 c5 19. Rf2 c4 20. Qa2 Nc6 21. b5 Nb4
22. Qb2 Nd5 23. Ng3 f6 24. Ra1 Bf8 25. Nxd5 Qxd5 26. Bb4 Rec8 27. Ra3 Bd6 28.
Bxd6 Qxd6 29. Qc3 a6 30. bxa6 Rxa6 31. Rfa2 Rca8 32. Qb2 Kf7 33. Ra1 Qc6 34.
Qb4 Ra5 35. R1a2 h5 36. Nxh5 Rxf5 37. Ng3 Rfa5 38. Ra1 Qc7 39. Qe1 Kg6 40. Qd1
Qh7 41. Nh1 b5 42. Qd2 Qe7 43. Nf2 b4 44. R3a2 b3 45. Nxd3 exd3 46. Ra3 Qxa3
47. Rxa3 Rxa4 48. Rxb3 Ra1+ 49. Kf2 cxb3 50. Qxd3+ f5 51. Qxb3 R8a2+ 52. Kg3
f4+ 53. Kf3 1/2-1/2

[Event "Copenhagen Chess Challenge 2016"]
[Site "Ballerup"]
[Date "2016.04.22"]
[Round "5"]
[White "Andersen, Daniel"]
[Black "Vesterli, Michael E"]
[Result "0-1"]
[WhiteElo "1956"]
[BlackElo "2138"]
[PlyCount "38"]
[EventDate "2016.04.20"]
[EventType "swiss"]
[EventRounds "9"]
[EventCountry "DEN"]

1. c4 Nf6 2. Nc3 g6 3. e4 d6 4. d4 Bg7 5. f3 O-O 6. Be3 c5 7. dxc5 dxc5 8. Qxd8
Rxd8 9. Bxc5 Nc6 10. Rc1 Nd7 11. Be3 Nde5 12. Kf2 Nb4 13. Ke2 Nxc4 14. a3 Nd3
15. Rc2 Ndxb2 16. Nd5 Be6 17. Bc1 Bxd5 18. exd5 Rxd5 19. Kf2 Nxa3 0-1

[Event "Copenhagen Chess Challenge 2016"]
[Site "Ballerup"]
[Date "2016.04.22"]
[Round "5"]
[White "Sorensen, Per Settergren"]
[Black "Allam, Dariusz"]
[Result "1-0"]
[WhiteElo "1979"]
[BlackElo "1922"]
[PlyCount "61"]
[EventDate "2016.04.20"]
[EventType "swiss"]
[EventRounds "9"]
[EventCountry "DEN"]

1. e4 d6 2. d4 Nf6 3. Nc3 g6 4. f4 Bg7 5. Nf3 O-O 6. Be3 c5 7. dxc5 Qa5 8. Bd3
Qb4 9. a3 Qa5 10. cxd6 exd6 11. Qd2 Nc6 12. Rd1 Ng4 13. Bg1 f5 14. h3 Nh6 15.
exf5 Bxf5 16. Bxf5 Rxf5 17. g4 Rff8 18. Be3 Rae8 19. Kf2 Nf7 20. Rhe1 h5 21.
Qd3 Kh7 22. Ne4 Nce5 23. fxe5 Nxe5 24. Neg5+ Kg8 25. Qb3+ Kh8 26. Kg2 hxg4 27.
hxg4 Nxg4 28. Rh1+ Bh6 29. Bd4+ Re5 30. Qxb7 a6 31. Qh7# 1-0

[Event "Copenhagen Chess Challenge 2016"]
[Site "Ballerup"]
[Date "2016.04.22"]
[Round "5"]
[White "Sundin, Sven-Ingvar"]
[Black "Molvig, Julius"]
[Result "1/2-1/2"]
[WhiteElo "1633"]
[BlackElo "1971"]
[PlyCount "51"]
[EventDate "2016.04.20"]
[EventType "swiss"]
[EventRounds "9"]
[EventCountry "DEN"]

1. e4 c5 2. Nf3 e6 3. d4 cxd4 4. Nxd4 a6 5. Nc3 Qc7 6. Be2 Nf6 7. O-O Bb4 8.
Qd3 Bxc3 9. bxc3 d5 10. exd5 Nxd5 11. Bd2 Nf4 12. Bxf4 Qxf4 13. Qf3 Qxf3 14.
Bxf3 Nd7 15. Rab1 Nc5 16. c4 O-O 17. Nb3 Nd7 18. Na5 Ne5 19. Bxb7 Bxb7 20. Rxb7
Rfc8 21. Rb4 Rc5 22. Rfb1 g6 23. Ra4 Rac8 24. Rbb4 Rd8 25. h3 Rdc8 26. Kh2
1/2-1/2

[Event "Copenhagen Chess Challenge 2016"]
[Site "Ballerup"]
[Date "2016.04.22"]
[Round "5"]
[White "Philipsen, William Horup"]
[Black "Larsen, Preben R"]
[Result "1-0"]
[WhiteElo "1970"]
[BlackElo "1821"]
[PlyCount "59"]
[EventDate "2016.04.20"]
[EventType "swiss"]
[EventRounds "9"]
[EventCountry "DEN"]

1. e4 e5 2. d4 exd4 3. c3 dxc3 4. Bc4 Nc6 5. Nf3 Bc5 6. Bxf7+ Kxf7 7. Qd5+ Kf8
8. Qxc5+ Qe7 9. Qxc3 d6 10. O-O Bg4 11. Qb3 Bxf3 12. Qxb7 Rb8 13. Qxc6 Bxe4 14.
Qa4 Nf6 15. Re1 d5 16. f3 Rb4 17. Qxa7 Kf7 18. Nc3 Rd8 19. Bg5 Rxb2 20. Rad1
Qb4 21. Nxe4 dxe4 22. Qxc7+ Kg6 23. Qxd8 Kxg5 24. fxe4 Kh5 25. Qd4 Qb5 26. e5
Qb7 27. Rd2 Rb1 28. Rxb1 Qxb1+ 29. Rd1 Qxa2 30. exf6 1-0